<?xml version="1.0" encoding="UTF-8"?>
<record
    xmlns:xsi="http://www.w3.org/2001/XMLSchema-instance"
    xsi:schemaLocation="http://www.loc.gov/MARC21/slim http://www.loc.gov/standards/marcxml/schema/MARC21slim.xsd"
    xmlns="http://www.loc.gov/MARC21/slim">

  <leader>00684nam a22001817a 4500</leader>
  <controlfield tag="005">20221126121653.0</controlfield>
  <controlfield tag="008">221126b           ||||| |||| 00| 0 eng d</controlfield>
  <datafield tag="040" ind1=" " ind2=" ">
    <subfield code="c">AL</subfield>
  </datafield>
  <datafield tag="041" ind1=" " ind2=" ">
    <subfield code="a">Hindi</subfield>
  </datafield>
  <datafield tag="082" ind1=" " ind2=" ">
    <subfield code="2">23</subfield>
    <subfield code="a">H891.4</subfield>
    <subfield code="b">JAIK</subfield>
  </datafield>
  <datafield tag="100" ind1=" " ind2=" ">
    <subfield code="a">Yashpal Jain &#x92F;&#x936;&#x92A;&#x93E;&#x932; &#x91C;&#x948;&#x928; </subfield>
    <subfield code="9">63915</subfield>
  </datafield>
  <datafield tag="245" ind1=" " ind2=" ">
    <subfield code="a">Kamal nayan bajaj :vykti aur vichar &#x915;&#x92E;&#x932; &#x928;&#x92F;&#x928; &#x92C;&#x91C;&#x93E;&#x91C; :&#x935;&#x94D;&#x92F;&#x915;&#x94D;&#x924;&#x940; &#x914;&#x930; &#x935;&#x93F;&#x91A;&#x93E;&#x930; </subfield>
  </datafield>
  <datafield tag="260" ind1=" " ind2=" ">
    <subfield code="a">New Delli </subfield>
    <subfield code="b">Sasta sahitya mandal prakashann &#x938;&#x938;&#x94D;&#x924;&#x93E; &#x938;&#x93E;&#x939;&#x93F;&#x924;&#x94D;&#x92F; &#x92E;&#x93E;&#x923;&#x94D;&#x921;&#x932; &#x92A;&#x94D;&#x930;&#x915;&#x93E;&#x936;&#x928; </subfield>
    <subfield code="c">1977</subfield>
  </datafield>
  <datafield tag="300" ind1=" " ind2=" ">
    <subfield code="a">499 p.</subfield>
    <subfield code="b">HB</subfield>
    <subfield code="c">23x16 cm.</subfield>
  </datafield>
  <datafield tag="365" ind1=" " ind2=" ">
    <subfield code="c">&#x20B9;</subfield>
    <subfield code="d">&#x20B9;20.00</subfield>
  </datafield>
  <datafield tag="700" ind1=" " ind2=" ">
    <subfield code="a">JAIN (Yashpal)</subfield>
    <subfield code="9">63916</subfield>
  </datafield>
  <datafield tag="942" ind1=" " ind2=" ">
    <subfield code="2">ddc</subfield>
    <subfield code="c">GF</subfield>
  </datafield>
  <datafield tag="999" ind1=" " ind2=" ">
    <subfield code="c">225359</subfield>
    <subfield code="d">225359</subfield>
  </datafield>
  <datafield tag="952" ind1=" " ind2=" ">
    <subfield code="0">0</subfield>
    <subfield code="1">0</subfield>
    <subfield code="2">ddc</subfield>
    <subfield code="4">0</subfield>
    <subfield code="7">0</subfield>
    <subfield code="8">HIN</subfield>
    <subfield code="a">AL</subfield>
    <subfield code="b">AL</subfield>
    <subfield code="d">2013-03-23</subfield>
    <subfield code="l">0</subfield>
    <subfield code="o">H891.4 JAIK</subfield>
    <subfield code="p">GF02683</subfield>
    <subfield code="r">2022-11-26 00:00:00</subfield>
    <subfield code="w">2022-11-26</subfield>
    <subfield code="y">GF</subfield>
  </datafield>
</record>
